Cartilla informacin̤ exg̤ena en medios magnťicos para la DIAN 2014-2015

Detalles Bibliográficos
Autor principal: Chavarro Cadena, Jorge Enrique
Otros Autores: Beltrǹ Triana, Jorge Enrique
Formato: eBook
Lenguaje:español
Publicado: Bogot:̀ Editorial Nueva Legislacin̤, 2014
Materias:
Acceso en línea:Acceso restringido

MARC

LEADER 00000nam a22000007a 4500
005 2014071109089.0
007 cr|||| ||||
008 140711s2014 co |||||s|||| 00||0 spa d
020 |a 978-958-8802-16-9 
035 |a 12240 
040 |a vLex 
090 |c 5030  |d 5030 
100 1 |a Chavarro Cadena, Jorge Enrique 
245 1 0 |a Cartilla informacin̤ exg̤ena en medios magnťicos para la DIAN 2014-2015  |h [Recurso electrn̤ico] /  |c Jorge Enrique Chavarro Cadena, Jorge Enrique Beltrǹ Triana 
256 |a Servicio en ln̕ea 
260 |a Bogot:̀  |b Editorial Nueva Legislacin̤,  |c 2014 
300 |a 1 recurso electrn̤ico 
506 1 |a Disponible solo en los productos indicados  |d vLex Global  |d vLex Global (Academic Edition, excluding Law Schools)  |d vLex Global (U.S. Academic Edition, Law Schools)  |d vLex Global (U.S. Academic Edition, excluding Law Schools)  |d vLex Global (Academic Edition, Law Schools) 
650 0 4 |a Derecho Fiscal  |z Colombia 
700 1 |a Beltrǹ Triana, Jorge Enrique 
740 0 |a vLex Libros (Servicio en ln̕ea) 
856 4 0 |u http://vlex.com/source/cartilla-informacion-exogena-en-medios-magneticos-para-la-dian-2014-2015-12240  |z Acceso restringido 
942 |c BOOK 
999 0 |a Tax Law